• 首页
  • 本馆介绍
  • 公告通知
  • 最新文献
  • 馆藏检索
  • 电子资源
  • 读者导购
  • 参考咨询
  • 我的图书馆
  • 登录
  • 详细信息显示
  • 放入我的书架
  • 预约/预借图书
  • 作者相关作品
  • 分类相关作品
  • 丛书相关作品
  • 出版社相关作品

书目信息

  • 表格格式
  • 工作单格式
  • 卡片格式
题名:
机械制造工艺与机床夹具课程设计指导
    
 
作者: 吴拓 编
分册:  
出版信息: 北京   机械工业出版社  2016
页数: 145页
开本: 26cm
丛书名: 高职高专机电工程类规划教材
单 册:
中图分类: TH16 , TG75
科图分类:
主题词: 机械制造工艺--Ji Xie Zhi Zao Gong Yi--高等职业教育--教学参考资料 , 机床夹具--Ji Chuang Jia Ju--高等职业教育--教学参考资料
电子资源:
ISBN: 978-7-111-53042-8
000 01701nam 2200313 450
001 1669917547
005 20160422092034.4
010    @a978-7-111-53042-8@dCNY25.00
100    @a20160422d2016 em y0chiy0120 ea
101 0  @achi
102    @aCN@b110000
105    @aa a 000yy
106    @ar
200 1  @a机械制造工艺与机床夹具课程设计指导@AJi Xie Zhi Zao Gong Yi Yu Ji Chuang Jia Ju Ke Cheng She Ji Zhi Dao@f吴拓编
205    @a第3版
210    @a北京@c机械工业出版社@d2016
215    @a145页@c图@d26cm
225 2  @a高职高专机电工程类规划教材@AGao Zhi Gao Zhuan Ji Dian Gong Cheng Lei Gui Hua Jiao Cai
320    @a有书目 (第145页)
330    @a本书是为了适应高职高专教学需要,指导工科院校机电类各专业学生做好“机械制造工艺与机床夹具课程设计”而编写的。书中介绍了课程设计的要求、内容、设计方法及步骤,提供了工艺规程设计和夹具设计指导、设计范例以及工艺规程设计和夹具设计的相关资料,还收集了各类机械零件图样,供教师为学生下达设计任务书时选用,同时还编选了各类典型机床夹具设计示例,供学生进行夹具设计时参考。全书共六章。第一章为机械制造工艺与机床夹具课程设计概述;第二章为机械制造工艺规程设计指要;第三章为机床夹具设计指要;第四章为课程设计实例;第五章为机械制造工艺与机床夹具课程设计题目选编,第六章为典型机床夹具设计示例。
333    @a本书可供机电类各专业的学生进行“机械制造工艺与机床夹具”课程设计和毕业设计时使用,也可供有关工程技术人员参考。
410  0 @12001 @a高职高专机电工程类规划教材
606 0  @a机械制造工艺@AJi Xie Zhi Zao Gong Yi@x高等职业教育@j教学参考资料
606 0  @a机床夹具@AJi Chuang Jia Ju@x高等职业教育@j教学参考资料
690    @aTH16@v5
690    @aTG75@v5
701  0 @a吴拓@AWu Tuo@4编
801  0 @aCN@b江苏新华@c20150511
905    @aBZT@dTH16@e15
    
    机械制造工艺与机床夹具课程设计指导/吴拓编.-第3版.-北京:机械工业出版社,2016
    145页:图;26cm.-(高职高专机电工程类规划教材)
    使用对象:本书可供机电类各专业的学生进行“机械制造工艺与机床夹具”课程设计和毕业设计时使用,也可供有关工程技术人员参考。
    
    ISBN 978-7-111-53042-8:CNY25.00
    本书是为了适应高职高专教学需要,指导工科院校机电类各专业学生做好“机械制造工艺与机床夹具课程设计”而编写的。书中介绍了课程设计的要求、内容、设计方法及步骤,提供了工艺规程设计和夹具设计指导、设计范例以及工艺规程设计和夹具设计的相关资料,还收集了各类机械零件图样,供教师为学生下达设计任务书时选用,同时还编选了各类典型机床夹具设计示例,供学生进行夹具设计时参考。全书共六章。第一章为机械制造工艺与机床夹具课程设计概述;第二章为机械制造工艺规程设计指要;第三章为机床夹具设计指要;第四章为课程设计实例;第五章为机械制造工艺与机床夹具课程设计题目选编,第六章为典型机床夹具设计示例。
●
相关链接 在五车中查询图书 在当当中查询图书 在豆瓣中查询图书


正题名:机械制造工艺与机床夹具课程设计指导     索取号:TH16/15         预约/预借

序号 登录号 条形码 馆藏地/架位号 状态 备注
1 798010   2000798010   第二书库/ [索取号:TH16/15] 在馆    
2 798011   2000798011   第二书库/ [索取号:TH16/15] 在馆    
3 798012   2000798012   第二书库/ [索取号:TH16/15] 在馆    
山东省滨州职业学院图书馆 欢迎您!
大连网信软件有限公司© 版权所有